Vista normal
Vista MARC
Entrada Topical Term
Número de registros utilizados en: 5
001 - CONTROL NUMBER
- control field: 38086
003 - CONTROL NUMBER IDENTIFIER
- control field: OSt
005 - DATE AND TIME OF LATEST TRANSACTION
- control field: 20210603122835.0
008 - FIXED-LENGTH DATA ELEMENTS
- fixed length control field: 210603|| aca||aabn | a|a d
040 ## - CATALOGING SOURCE
- Original cataloging agency: OSt
- Transcribing agency: OSt
150 ## - HEADING--TOPICAL TERM
- Topical term or geographic name entry element: Agricultura y Estado
- Geographic subdivision: Colombia
670 ## - SOURCE DATA FOUND
- Source citation: Work cat.: (OSt)7936: Toro Agudelo, Hernán, 15866 autor, El problema social agrario en Colombia : , 1985